000 00260nam a22001217a 4500
040 _cSK
082 _a620
100 _aJOSEPH E.
245 _aEngineering properties of soils and their measurement
260 _aAIT
_bJOS
_c1970
300 _a187p.
942 _cEK
999 _c9249
_d9249